|
|
|
|
| LEADER |
01589nam a2200361 a 4500 |
| 001 |
7814 |
| 003 |
BD-DhAAL |
| 005 |
20151103093021.0 |
| 008 |
151103s2005 nyu 000 1 eng |
| 010 |
|
|
|a 2004010404
|
| 020 |
|
|
|a 0446617113
|
| 020 |
|
|
|a 0446576670
|
| 040 |
|
|
|a DLC
|c DLC
|d YDX
|d DLC
|d BD-DhAAL
|
| 050 |
0 |
0 |
|a PS3608.A54
|b P74 2005
|
| 082 |
0 |
0 |
|a 813/.6
|2 22
|
| 100 |
1 |
|
|a Haig, Brian.
|9 15932
|
| 245 |
1 |
4 |
|a The president's assassin /
|c Brian Haig.
|
| 260 |
|
|
|a New York :
|b Warner Books,
|c c2005.
|
| 300 |
|
|
|a 449 p. ;
|c 18 cm.
|
| 541 |
|
|
|e 7814
|
| 650 |
|
0 |
|a Drummond, Sean (Fictitious character)
|v Fiction.
|9 15933
|
| 650 |
|
0 |
|a Politicians
|x Crimes against
|v Fiction.
|9 15934
|
| 650 |
|
0 |
|a Attempted assassination
|v Fiction.
|9 12789
|
| 650 |
|
0 |
|a Presidents
|x Election
|v Fiction.
|9 15935
|
| 650 |
|
0 |
|a Political campaigns
|v Fiction.
|9 15936
|
| 651 |
|
0 |
|a Washington (D.C.)
|v Fiction.
|9 12798
|
| 655 |
|
7 |
|a Political fiction.
|2 lcsh
|9 5611
|
| 655 |
|
7 |
|a Suspense fiction.
|2 gsafd
|9 12793
|
| 942 |
|
|
|2 ddc
|c BK
|
| 999 |
|
|
|c 36017
|d 36017
|
| 952 |
|
|
|0 0
|1 0
|2 ddc
|4 0
|6 813_000000000000000__6_HAI
|7 0
|9 56587
|a SCL
|b SCL
|c GEN
|d 2015-11-03
|e Gift:
|l 9
|m 48
|o 813.6 HAI
|p 3020007814
|r 2019-10-28
|s 2019-09-28
|t 1
|w 2015-11-03
|y BK
|
| 952 |
|
|
|0 0
|1 0
|2 ddc
|4 0
|6 813_000000000000000__6_HAI
|7 0
|9 59407
|a SCL
|b SCL
|c GEN
|d 2016-07-23
|e Fency Book House
|g 224.00
|l 7
|m 36
|o 813.6 HAI
|p 3020008665
|r 2023-08-24
|s 2023-05-28
|t 2
|w 2016-07-23
|y BK
|
| 952 |
|
|
|0 0
|1 0
|2 ddc
|4 0
|6 813_000000000000000__6_HAI
|7 0
|9 59472
|a SCL
|b SCL
|c GEN
|d 2016-07-27
|e Fency Book House
|g 224.00
|l 9
|m 44
|o 813.6 HAI
|p 3020008666
|r 2022-08-23
|s 2022-08-08
|t 3
|w 2016-07-27
|y BK
|